00354nam a2200109 4500008004100000082001800041100002400059245009200083260003700175300001000212650002200222231218b |||||||| |||| 00| 0 eng d a362.8292bWIJ aWijayatilake, Dhara aCases filed under the prevention of domestic violence act, No. 34 of 2005:ban analysis a[Colombo]:bWomen in need,c2009 a60 p. aDOMESTIC VIOLENCE